000 00803nam a2200241Ia 4500
005 20250508165919.0
008 008 250505s9999 xx 000 0 eng d
020 _a978-93-5007-257-5
037 _aReference
040 _aFEDL
_beng
_cFEDL
041 _aeng
_2eng
084 _a155.4, NCE/RR
_qFEDL
100 _aSoni Romila
_9782396
245 0 _aEvery child matters: A handbook on quality early childhood education
245 0 _cNCERT (New Delhi India)
260 _aNew Delhi, India
_bNational Council of Educational Research and Training
_c2014
300 _a178p.
365 _aINR
_b25
546 _aGifted by H.O.D. Namita Ranganathan in memory of Prof. Arvind Gaysu
700 _a Sangai Sandhya
_9782397
942 _cREF
_h155.4, NCE/RR
999 _c1398159
_d1398159